000
00256nam a2200109Ia 4500
008
240625s9999 xx 000 0 und d
041
_a
eng
082
_a
332.6 JOE
100
_a
JOEHNK MICHAEL D
245
_a
PLANNING YOUR PERSONAL FINANCES
260
_c
2012
999
_c
38280
_d
38280